[Event "20. Open Pula 2006"]
[Site "Pula CRO"]
[Date "2006.06.23"]
[Round "7.13"]
[White "Sutkovic, Damir"]
[Black "Nordahl, Helge"]
[Result "1/2-1/2"]
[WhiteElo "2286"]
[BlackElo "2374"]
[PlyCount "70"]
[EventDate "2006.06.18"]
[EventType "swiss"]
[EventRounds "9"]
[EventCountry "CRO"]
[Source "lmi"]
[SourceDate "2006.06.26"]

1. d4 f5 2. g3 Nf6 3. Bg2 g6 4. Nd2 Bg7 5. c3 O-O 6. Qb3+ d5 7. Nh3 c6 8. O-O
e6 9. Nf3 Nbd7 10. Nf4 Qe8 11. Nd3 Ne4 12. c4 Nd6 13. c5 Nf7 14. Bf4 Qe7 15. h4
h6 16. Qa3 Re8 17. Nde5 Ndxe5 18. Bxe5 Nxe5 19. Nxe5 Bxe5 20. dxe5 b5 21. Qe3
Kg7 22. b4 a5 23. a4 Rb8 24. axb5 Rxb5 25. Rxa5 Rxb4 26. Qa3 Rb7 27. Ra1 Qc7
28. f4 Bd7 29. Ra7 Reb8 30. Rxb7 Rxb7 31. Bf1 Qb8 32. e3 Kf7 33. Qa8 Ke7 34.
Qxb8 Rxb8 35. Kf2 Rb2+ 1/2-1/2

[Event "20. Open Pula 2006"]
[Site "Pula CRO"]
[Date "2006.06.23"]
[Round "7.14"]
[White "Andersen, Lars Even"]
[Black "Nikolov, Sasho"]
[Result "0-1"]
[WhiteElo "2247"]
[BlackElo "2354"]
[PlyCount "160"]
[EventDate "2006.06.18"]
[EventType "swiss"]
[EventRounds "9"]
[EventCountry "CRO"]
[Source "lmi"]
[SourceDate "2006.06.26"]

1. e4 c5 2. Nf3 e6 3. Nc3 Nc6 4. Bc4 Nf6 5. O-O Be7 6. d4 cxd4 7. Nxd4 O-O 8.
Be3 d5 9. exd5 exd5 10. Bb3 Na5 11. Nce2 Re8 12. Qd3 Bg4 13. h3 Bh5 14. Nf4 Bg6
15. Nxg6 hxg6 16. Ba4 Rf8 17. Rad1 Nc4 18. Bc1 a6 19. c3 Qc7 20. Rfe1 Rad8 21.
Nf3 Bc5 22. Re2 Ne4 23. Rde1 Qg3 24. Be3 Bxe3 25. Qxe3 Nxe3 26. fxg3 Nc4 27. g4
Nc5 28. Bb3 Nd3 29. Rb1 Rfe8 30. Bxc4 dxc4 31. Nd4 b5 32. Kf1 g5 33. Rd2 g6 34.
Nf3 Rd5 35. Ne1 f5 36. Rbd1 Re3 37. Nxd3 cxd3 38. Re1 f4 39. Kf2 Rde5 40. Red1
Kf7 41. Rxd3 Re2+ 42. Kf3 Rxb2 43. Rd7+ Re7 44. Rxe7+ Kxe7 45. Rd5 Rxa2 46.
Rxg5 Kf6 47. h4 Ra3 48. Rc5 b4 49. Kxf4 b3 50. Rc6+ Kf7 51. Rb6 a5 52. Kg5 a4
53. Rb7+ Ke6 54. h5 gxh5 55. gxh5 Ra2 56. g4 Rh2 57. h6 b2 58. h7 a3 59. Kg6
Rxh7 60. Kxh7 a2 61. Rxb2 a1=Q 62. Re2+ Kf6 63. Rf2+ Kg5 64. Rf5+ Kxg4 65. Rf6
Qb1+ 66. Kh6 Qc1+ 67. Kg6 Qc2+ 68. Kh6 Qxc3 69. Kg6 Qc7 70. Rf7 Qd8 71. Kg7 Kg5
72. Kh7 Qd4 73. Rg7+ Kf6 74. Kg8 Qd8+ 75. Kh7 Qe8 76. Rg1 Qe4+ 77. Kh8 Qh4+ 78.
Kg8 Qc4+ 79. Kh8 Kf7 80. Rh1 Qd4+ 0-1

[Event "20. Open Pula 2006"]
[Site "Pula CRO"]
[Date "2006.06.23"]
[Round "7.15"]
[White "Medic, Mirjana"]
[Black "Nemet, Ivan"]
[Result "0-1"]
[WhiteElo "2239"]
[BlackElo "2346"]
[PlyCount "56"]
[EventDate "2006.06.18"]
[EventType "swiss"]
[EventRounds "9"]
[EventCountry "CRO"]
[Source "lmi"]
[SourceDate "2006.06.26"]

1. d4 Nf6 2. c4 e6 3. Nc3 Bb4 4. Qc2 O-O 5. a3 Bxc3+ 6. Qxc3 b5 7. c5 Nd5 8.
Qc2 f5 9. Nf3 Nc6 10. e3 a6 11. Bd2 Bb7 12. Be2 Nf6 13. O-O Ne7 14. Ne1 Ng6 15.
Nd3 a5 16. f3 Bd5 17. Ne5 c6 18. a4 Qb8 19. Nxg6 hxg6 20. axb5 cxb5 21. Bxa5 g5
22. Bb6 Rxa1 23. Rxa1 Kf7 24. Ra7 Rh8 25. g3 g4 26. e4 fxe4 27. fxg4 e3 28. Rc7
Rxh2 0-1

[Event "20. Open Pula 2006"]
[Site "Pula CRO"]
[Date "2006.06.23"]
[Round "7.17"]
[White "Hager, Franz"]
[Black "Kovacevic, Aleksandar"]
[Result "0-1"]
[WhiteElo "2234"]
[BlackElo "2536"]
[PlyCount "74"]
[EventDate "2006.06.18"]
[EventType "swiss"]
[EventRounds "9"]
[EventCountry "CRO"]
[Source "lmi"]
[SourceDate "2006.06.26"]

1. d4 Nf6 2. c4 e6 3. Nc3 Bb4 4. Qc2 O-O 5. Nf3 c5 6. dxc5 Na6 7. Bf4 Nxc5 8.
a3 Bxc3+ 9. Qxc3 b6 10. Rd1 Bb7 11. e3 Rc8 12. Be2 d5 13. O-O Qe7 14. b4 Nce4
15. Qb3 a5 16. Be5 axb4 17. axb4 dxc4 18. Bxc4 Bd5 19. Bxd5 Nxd5 20. b5 Qc5 21.
Bd4 Qc2 22. Qb1 Qxb1 23. Rxb1 Rc2 24. Ne1 Rc4 25. Nf3 f6 26. Rfc1 Rfc8 27. Rxc4
Rxc4 28. Ne1 e5 29. Ba1 Kf7 30. f3 Nd6 31. e4 Nc7 32. Nd3 Ke6 33. f4 Rxe4 34.
fxe5 fxe5 35. Rc1 Nd5 36. Kf2 Nb4 37. Ne1 Rxe1 0-1

[Event "20. Open Pula 2006"]
[Site "Pula CRO"]
[Date "2006.06.23"]
[Round "7.18"]
[White "Filimonov, Alexey"]
[Black "Markosian, David S"]
[Result "1-0"]
[WhiteElo "2216"]
[BlackElo "2397"]
[PlyCount "107"]
[EventDate "2006.06.18"]
[EventType "swiss"]
[EventRounds "9"]
[EventCountry "CRO"]
[Source "lmi"]
[SourceDate "2006.06.26"]

1. e4 c6 2. d4 d5 3. e5 c5 4. dxc5 Nc6 5. Bf4 e6 6. c3 Bxc5 7. Bd3 Nge7 8. Nf3
Nf5 9. Qe2 Bd7 10. Nbd2 a6 11. Rd1 Ba7 12. Nb3 Nh4 13. O-O h6 14. Nfd4 Ng6 15.
Bxg6 fxg6 16. Qg4 O-O 17. Nxc6 bxc6 18. Bxh6 Qe8 19. Be3 Bxe3 20. fxe3 Rf5 21.
Rxf5 gxf5 22. Qd4 Qe7 23. Nc5 Be8 24. Rd2 a5 25. a4 g5 26. b4 Kg7 27. Ra2 Bf7
28. Nb3 axb4 29. cxb4 Rh8 30. g3 Bg6 31. b5 f4 32. exf4 Be4 33. Nc5 gxf4 34.
Nxe4 dxe4 35. gxf4 Rd8 36. Qxe4 Rd1+ 37. Kg2 Qc5 38. Rf2 Qc1 39. Qxc6 Rg1+ 40.
Kh3 Qa3+ 41. Rf3 Qxa4 42. Qd7+ Kh6 43. Rg3 Rxg3+ 44. hxg3 Qc4 45. Qc6 Qf1+ 46.
Kh4 Kg7 47. b6 Qb1 48. Qd7+ Kh8 49. Qe8+ Kg7 50. Qe7+ Kh8 51. Qf6+ Kh7 52. Kg5
Qxb6 53. Qf7+ Kh8 54. Kh6 1-0

[Event "20. Open Pula 2006"]
[Site "Pula CRO"]
[Date "2006.06.23"]
[Round "7.19"]
[White "Krumpacnik, Domen"]
[Black "Wegerer, Fred"]
[Result "1-0"]
[WhiteElo "2385"]
[BlackElo "2271"]
[PlyCount "65"]
[EventDate "2006.06.18"]
[EventType "swiss"]
[EventRounds "9"]
[EventCountry "CRO"]
[Source "lmi"]
[SourceDate "2006.06.26"]

1. d4 Nf6 2. c4 e6 3. Nc3 Bb4 4. Bg5 d5 5. e3 Nbd7 6. cxd5 exd5 7. Bd3 c5 8. a3
Bxc3+ 9. bxc3 Qa5 10. Qd2 c4 11. Bc2 Ne4 12. Bxe4 dxe4 13. Bh4 Nb6 14. f3 Bf5
15. Ne2 g5 16. Bg3 O-O-O 17. O-O Rd7 18. Be1 exf3 19. Rxf3 Be4 20. Rf2 h5 21.
Ng3 Bd3 22. e4 h4 23. Rf5 Qa4 24. Qxg5 Rc7 25. Qg4 Qd7 26. Nh5 Rc6 27. Bxh4 Rg6
28. Qf4 Re8 29. Bg3 Rxg3 30. Rc5+ Kd8 31. Qb8+ Nc8 32. hxg3 Ke7 33. Rc7 1-0

[Event "20. Open Pula 2006"]
[Site "Pula CRO"]
[Date "2006.06.23"]
[Round "7.20"]
[White "Bajramovic, Halid"]
[Black "Rukavina, Josip"]
[Result "1-0"]
[WhiteElo "2208"]
[BlackElo "2384"]
[PlyCount "119"]
[EventDate "2006.06.18"]
[EventType "swiss"]
[EventRounds "9"]
[EventCountry "CRO"]
[Source "lmi"]
[SourceDate "2006.06.26"]

1. d4 d6 2. e4 g6 3. f4 Nf6 4. Nc3 Bg7 5. Be2 c5 6. d5 O-O 7. g4 e6 8. g5 Ne8
9. Nf3 Nc7 10. O-O exd5 11. Nxd5 Nc6 12. c3 Nxd5 13. Qxd5 Be6 14. Qd3 d5 15. e5
Qc7 16. Be3 b6 17. Kh1 Rfd8 18. Qd2 Bf8 19. Rfd1 Qb7 20. Qe1 d4 21. Bf2 d3 22.
Bxd3 Nd4 23. Be4 Bd5 24. Nd2 Nc2 25. Qe2 Nxa1 26. Rxa1 h6 27. h4 Qd7 28. Qf3 h5
29. Kg2 Be7 30. Be3 Rac8 31. c4 Bxe4 32. Nxe4 b5 33. Rc1 b4 34. Qf2 Qf5 35. Qf3
Rd3 36. Nf2 Rd7 37. Qe4 Qe6 38. Re1 Qc6 39. Kf3 Qe6 40. Kg3 a5 41. Rc1 a4 42.
Kf3 b3 43. axb3 axb3 44. Rc3 Rb8 45. Kg3 Rb4 46. Kh2 Ra7 47. Nd3 Ra2 48. Bf2
Rb8 49. Qe2 Qc6 50. Kg3 Ra1 51. f5 gxf5 52. Nf4 Rb1 53. Qxh5 Kg7 54. e6 Bd6 55.
Qxf7+ Kh8 56. g6 Bxf4+ 57. Kxf4 Qd6+ 58. Kg5 Qd2+ 59. Re3 Qd8+ 60. Kh6 1-0

[Event "20. Open Pula 2006"]
[Site "Pula CRO"]
[Date "2006.06.24"]
[Round "8.2"]
[White "Rogic, Davor"]
[Black "Stocek, Jiri"]
[Result "1/2-1/2"]
[WhiteElo "2540"]
[BlackElo "2565"]
[PlyCount "43"]
[EventDate "2006.06.18"]
[EventType "swiss"]
[EventRounds "9"]
[EventCountry "CRO"]
[Source "lmi"]
[SourceDate "2006.06.26"]

1. e4 c5 2. Nf3 d6 3. d4 cxd4 4. Nxd4 Nf6 5. Nc3 a6 6. h3 e6 7. g4 b5 8. Bg2
Bb7 9. a3 h6 10. Qe2 Nbd7 11. f4 Rc8 12. O-O Rc4 13. Nb3 Qc7 14. Bd2 Be7 15.
Rae1 e5 16. Kh1 exf4 17. Bxf4 Ne5 18. Nd2 Rc5 19. Nb3 Rc4 20. Nd2 Rc5 21. Nb3
Rc4 22. Nd2 1/2-1/2

[Event "20. Open Pula 2006"]
[Site "Pula CRO"]
[Date "2006.06.24"]
[Round "8.4"]
[White "Nemet, Ivan"]
[Black "Popovic, Dusan"]
[Result "0-1"]
[WhiteElo "2346"]
[BlackElo "2496"]
[PlyCount "124"]
[EventDate "2006.06.18"]
[EventType "swiss"]
[EventRounds "9"]
[EventCountry "CRO"]
[Source "lmi"]
[SourceDate "2006.06.26"]

1. d4 Nf6 2. Nf3 g6 3. g3 Bg7 4. Bg2 O-O 5. O-O d6 6. a4 Na6 7. Nc3 c5 8. h3
Nd7 9. e4 cxd4 10. Nxd4 Ne5 11. Nd5 Bd7 12. b3 e6 13. Ne3 Qb6 14. Bb2 Nb4 15.
Ne2 Rfc8 16. Bd4 Qa6 17. f4 Nec6 18. Bxg7 Kxg7 19. Kh2 Rd8 20. Qd2 Qb6 21. c3
Na6 22. b4 Ne7 23. a5 Qc7 24. f5 Ng8 25. c4 Be8 26. fxe6 fxe6 27. Nf4 Qe7 28.
Qb2+ e5 29. Nfd5 Qe6 30. h4 Bf7 31. Bh3 Qe8 32. b5 Nc5 33. Rxf7+ Qxf7 34. Rf1
Qxf1 35. Bxf1 Rf8 36. Bg2 Rf7 37. Qd2 Nb3 38. Qd1 Nd4 39. Nc2 Ne6 40. b6 axb6
41. Nxb6 Rd8 42. Ne3 Nd4 43. Nbd5 Ra8 44. Nc2 Ne6 45. Nb6 Rd8 46. Nd5 Ra8 47.
Qd2 Nh6 48. Bh3 Nc5 49. Nb6 Rd8 50. Qe2 Rdf8 51. Kg1 Rf3 52. Kg2 Rc3 53. Ne1
Ng8 54. Qd2 Nxe4 55. Qd5 Rf2+ 56. Kg1 Re2 57. Qxb7+ Kh8 58. Ng2 Rc1+ 59. Kh2
Nf2 60. Ne1 Ng4+ 61. Kg1 Rcxe1+ 62. Bf1 Ne3 0-1

[Event "20. Open Pula 2006"]
[Site "Pula CRO"]
[Date "2006.06.24"]
[Round "8.5"]
[White "Nikolov, Sasho"]
[Black "Sakelsek, Tadej"]
[Result "0-1"]
[WhiteElo "2354"]
[BlackElo "2428"]
[PlyCount "66"]
[EventDate "2006.06.18"]
[EventType "swiss"]
[EventRounds "9"]
[EventCountry "CRO"]
[Source "lmi"]
[SourceDate "2006.06.26"]

1. d4 Nf6 2. c4 e6 3. Nc3 Bb4 4. Qc2 O-O 5. a3 Bxc3+ 6. Qxc3 b6 7. Bg5 Ba6 8.
e3 d6 9. Nf3 Nbd7 10. Be2 Rc8 11. Qc2 h6 12. Bh4 c5 13. Qa4 Bb7 14. O-O cxd4
15. exd4 a6 16. Rfc1 e5 17. Bxf6 Nxf6 18. dxe5 dxe5 19. Nxe5 Qd4 20. Bf3 Be4
21. Ng4 Bxf3 22. Nxf6+ Qxf6 23. gxf3 Qxf3 24. Rc3 Qg4+ 25. Kf1 Rfe8 26. Re1
Rxe1+ 27. Kxe1 Qe4+ 28. Kf1 b5 29. Qc2 Qh1+ 30. Ke2 bxc4 31. Qf5 Qb7 32. Kd1 g6
33. Qh3 Rd8+ 0-1

[Event "20. Open Pula 2006"]
[Site "Pula CRO"]
[Date "2006.06.24"]
[Round "8.6"]
[White "Kuljasevic, Davorin"]
[Black "Plenkovic, Zdenko"]
[Result "1/2-1/2"]
[WhiteElo "2408"]
[BlackElo "2278"]
[PlyCount "57"]
[EventDate "2006.06.18"]
[EventType "swiss"]
[EventRounds "9"]
[EventCountry "CRO"]
[Source "lmi"]
[SourceDate "2006.06.26"]

1. d4 d5 2. c4 e6 3. Nc3 Nf6 4. cxd5 exd5 5. Bg5 c6 6. e3 Nbd7 7. Bd3 Be7 8.
Qc2 O-O 9. Nf3 Re8 10. O-O Nf8 11. h3 g6 12. Bh6 Ne6 13. Ne5 Ng7 14. g4 Nd7 15.
f4 Nxe5 16. fxe5 Bg5 17. Bxg5 Qxg5 18. Qf2 Rf8 19. Rae1 h5 20. Qf6 Ne6 21. Qxg5
Nxg5 22. gxh5 Bxh3 23. Rf4 gxh5 24. Kh2 Bg4 25. Be2 Kg7 26. Bxg4 hxg4 27. Ref1
f5 28. exf6+ Kg6 29. Rxg4 1/2-1/2

[Event "20. Open Pula 2006"]
[Site "Pula CRO"]
[Date "2006.06.24"]
[Round "8.10"]
[White "Kovacevic, Blazimir"]
[Black "Goric, Esad"]
[Result "1/2-1/2"]
[WhiteElo "2468"]
[BlackElo "2346"]
[PlyCount "153"]
[EventDate "2006.06.18"]
[EventType "swiss"]
[EventRounds "9"]
[EventCountry "CRO"]
[Source "lmi"]
[SourceDate "2006.06.26"]

1. d4 Nf6 2. Nf3 d6 3. c4 Nbd7 4. Nc3 e5 5. e4 Be7 6. Be2 O-O 7. O-O c6 8. Be3
Re8 9. d5 c5 10. Ne1 Nf8 11. Rb1 Ng6 12. Nd3 h6 13. b4 b6 14. Re1 Nh7 15. bxc5
bxc5 16. Bg4 Bf6 17. Nb5 Bxg4 18. Qxg4 a6 19. Nc3 Qa5 20. Rb3 Nf4 21. Qd1 Rab8
22. Qc2 Nxd3 23. Qxd3 Rxb3 24. axb3 Rb8 25. Rb1 Bg5 26. Bxg5 Nxg5 27. Qc2 Nh7
28. h3 Nf6 29. Kf1 Nh5 30. g3 Nf6 31. Ke2 h5 32. h4 Qc7 33. Kf3 Ng4 34. Kg2 Qa5
35. Kg1 g6 36. f3 Nf6 37. Kf2 Rb7 38. Ke3 Kg7 39. Kd3 Qc7 40. Qa2 Rb6 41. Qa5
Qb7 42. Kc2 Nd7 43. Na4 Rb4 44. Qd8 Qa7 45. Nc3 Rb7 46. Ra1 Qb6 47. Qxb6 Rxb6
48. Na4 Rb7 49. Nb2 Rb6 50. Kc3 f5 51. Nd3 fxe4 52. fxe4 Nf6 53. Nf2 Kf7 54.
Ra4 Ke7 55. Ra1 Kd7 56. Re1 Rb8 57. Nh3 a5 58. Ng5 Ra8 59. Ra1 Ke7 60. Kb2 Ra7
61. Kc2 Ra8 62. Kd3 Ra7 63. Nf3 Ra8 64. Nd2 Ng4 65. Rf1 Ra7 66. Kc3 Ra8 67. Kb2
Nf6 68. Ka3 Rb8 69. Ka4 Rb4+ 70. Kxa5 Rb8 71. Re1 Nd7 72. Ka4 Ra8+ 73. Kb5 Kd8
74. Rf1 Kc7 75. Rf7 Rb8+ 76. Ka4 Ra8+ 77. Kb5 1/2-1/2

[Event "20. Open Pula 2006"]
[Site "Pula CRO"]
[Date "2006.06.24"]
[Round "8.11"]
[White "Zivanic, Marko"]
[Black "Elbilia, Jacques"]
[Result "1-0"]
[WhiteElo "2462"]
[BlackElo "2333"]
[PlyCount "101"]
[EventDate "2006.06.18"]
[EventType "swiss"]
[EventRounds "9"]
[EventCountry "CRO"]
[Source "lmi"]
[SourceDate "2006.06.26"]

1. d4 d6 2. Nf3 Nf6 3. c4 Nbd7 4. Nc3 e5 5. e4 Be7 6. Be2 c6 7. O-O a6 8. d5
cxd5 9. cxd5 b5 10. b4 Nb6 11. Be3 Bd7 12. Nd2 O-O 13. Rc1 Qb8 14. f3 Rc8 15.
Qe1 Ra7 16. Nb3 Rac7 17. Na5 Na4 18. Nxa4 Rxc1 19. Bxc1 bxa4 20. Be3 Bb5 21.
Bxb5 Qxb5 22. Nc6 Rc7 23. Qd2 Bf8 24. Rc1 Ne8 25. Rc3 f5 26. Qc2 fxe4 27. fxe4
Rf7 28. h3 Qf1+ 29. Kh2 Qe1 30. Bd2 Qh4 31. Re3 Nf6 32. Kg1 Nh5 33. Be1 Qg5 34.
Qe2 g6 35. h4 Qh6 36. g3 Nf6 37. Bd2 Qh5 38. Qxh5 gxh5 39. Re2 h6 40. Kg2 Rb7
41. Be1 Kh7 42. Kf3 Ng4 43. Rc2 Rf7+ 44. Ke2 Nf6 45. Rc4 Rg7 46. Nb8 Ra7 47.
Kd3 Ra8 48. Nc6 Kg6 49. Kc2 Ng4 50. Kb2 Re8 51. Ka3 1-0

[Event "20. Open Pula 2006"]
[Site "Pula CRO"]
[Date "2006.06.24"]
[Round "8.13"]
[White "Shirjaev, Alexandr"]
[Black "Feletar, Darko"]
[Result "1/2-1/2"]
[WhiteElo "2287"]
[BlackElo "2391"]
[PlyCount "116"]
[EventDate "2006.06.18"]
[EventType "swiss"]
[EventRounds "9"]
[EventCountry "CRO"]
[Source "lmi"]
[SourceDate "2006.06.26"]

1. e4 e5 2. Nc3 Nf6 3. Bc4 Nc6 4. d3 Bb4 5. Bg5 h6 6. Bxf6 Bxc3+ 7. bxc3 Qxf6
8. Ne2 d6 9. O-O g5 10. Bb5 Bd7 11. Ng3 h5 12. Bxc6 bxc6 13. f3 h4 14. Ne2 Qe7
15. Qd2 f6 16. Rab1 Kf7 17. Qe3 c5 18. Rb2 Rhb8 19. Rfb1 Rb6 20. c4 Rab8 21.
Qc1 Bc6 22. Nc3 Qd7 23. Rb3 Ba4 24. Nd5 Bxb3 25. Nxb6 axb6 26. axb3 Ra8 27. Ra1
Qc6 28. Ra3 Ra5 29. Qa1 Qa8 30. Rxa5 bxa5 31. Qa4 c6 32. c3 Qb7 33. g3 hxg3 34.
hxg3 Qb6 35. Kf2 Ke7 36. Ke2 Kd7 37. Kd2 Qd8 38. b4 cxb4 39. cxb4 axb4 40. Qxb4
Qa8 41. Qb6 Qa2+ 42. Ke3 Qa1 43. Qb7+ Kd8 44. Kf2 Qa2+ 45. Kg1 Qe2 46. Qxc6
Qxd3 47. Kg2 Ke7 48. Qc7+ Ke8 49. Qc8+ Ke7 50. Qb7+ Kf8 51. Qa8+ Kg7 52. Qd8
Qxc4 53. Qxd6 Qe2+ 54. Kh3 Qxf3 55. Qe7+ Kg6 56. Qe8+ Kg7 57. Qe7+ Kg8 58. Qe8+
Kg7 1/2-1/2

[Event "20. Open Pula 2006"]
[Site "Pula CRO"]
[Date "2006.06.24"]
[Round "8.14"]
[White "Orel, Oskar"]
[Black "Krumpacnik, Domen"]
[Result "0-1"]
[WhiteElo "2305"]
[BlackElo "2385"]
[PlyCount "112"]
[EventDate "2006.06.18"]
[EventType "swiss"]
[EventRounds "9"]
[EventCountry "CRO"]
[Source "lmi"]
[SourceDate "2006.06.26"]

1. e4 e6 2. d4 d5 3. Nd2 dxe4 4. Nxe4 Nd7 5. Nf3 Ngf6 6. Nxf6+ Nxf6 7. Bg5 Be7
8. Bd3 O-O 9. O-O b6 10. Bxf6 Bxf6 11. Be4 Rb8 12. Qd3 g6 13. c3 Qd6 14. Rad1
Bg7 15. Qe2 c5 16. Qe3 Ba6 17. Rfe1 Rbd8 18. h3 cxd4 19. cxd4 Bc4 20. a3 Bd5
21. Rd3 Rd7 22. Bxd5 Qxd5 23. Qe4 Qb5 24. Rd2 Rfd8 25. Red1 Rd5 26. Qe2 Qxe2
27. Rxe2 e5 28. Rde1 exd4 29. Re8+ Rxe8 30. Rxe8+ Bf8 31. Kf1 Kg7 32. Re4 d3
33. Rd4 Rxd4 34. Nxd4 Bc5 35. Nc6 a5 36. b4 axb4 37. axb4 d2 38. Ke2 Bxf2 39.
Kxd2 Kf6 40. Ke2 Bg1 41. Kd3 Ke6 42. Kc4 f5 43. Nd8+ Ke5 44. Kd3 Kf4 45. Ke2
Kg3 46. Kf1 Bd4 47. Ne6 Bf6 48. b5 f4 49. Nf8 f3 50. gxf3 Kxf3 51. Nd7 Bd4 52.
Nf8 Bf6 53. Nxh7 Be7 54. Ke1 Kg3 55. Ke2 Kxh3 56. Kf3 g5 0-1

[Event "20. Open Pula 2006"]
[Site "Pula CRO"]
[Date "2006.06.24"]
[Round "8.15"]
[White "Klimov, Anton"]
[Black "Sutkovic, Damir"]
[Result "1-0"]
[WhiteElo "2383"]
[BlackElo "2286"]
[PlyCount "117"]
[EventDate "2006.06.18"]
[EventType "swiss"]
[EventRounds "9"]
[EventCountry "CRO"]
[Source "lmi"]
[SourceDate "2006.06.26"]

1. e4 e5 2. Nf3 Nc6 3. Bc4 Be7 4. O-O Nf6 5. d3 d6 6. a4 O-O 7. a5 a6 8. c3 h6
9. Qb3 Rb8 10. h3 Bd7 11. Be3 Qc8 12. Qa2 Be6 13. Nbd2 Bxc4 14. Qxc4 Rd8 15. d4
exd4 16. Nxd4 Nxd4 17. Qxd4 Nd7 18. f4 Bf6 19. Qc4 Re8 20. Bd4 c6 21. b4 Qc7
22. Bxf6 Nxf6 23. Qd3 Re6 24. Rfe1 Rbe8 25. Re2 Nd5 26. Rf2 Nf6 27. Re1 Qe7 28.
Rfe2 Nd5 29. g3 Nf6 30. Kf2 Kh8 31. Kf3 Kg8 32. f5 Nd7 33. Kg2 Ne5 34. Qd4 Rf6
35. Nf3 Nxf3 36. Kxf3 h5 37. Kg2 Qc7 38. g4 hxg4 39. hxg4 Rh6 40. e5 dxe5 41.
Rxe5 Rxe5 42. Qxe5 Qxe5 43. Rxe5 Kf8 44. Re3 Rd6 45. Kf3 g6 46. Kf4 gxf5 47.
gxf5 Kg7 48. Re7 Rd3 49. Rxb7 Kf6 50. Rb6 Rxc3 51. Ke4 Rc1 52. Kd4 Kxf5 53.
Rxa6 Kf4 54. Ra8 f5 55. a6 Kf3 56. Rf8 c5+ 57. bxc5 Ra1 58. Rxf5+ Kg4 59. Rf6
1-0

[Event "20. Open Pula 2006"]
[Site "Pula CRO"]
[Date "2006.06.24"]
[Round "8.16"]
[White "Mikac, Matjaz"]
[Black "Zelic, Mladen"]
[Result "1-0"]
[WhiteElo "2376"]
[BlackElo "2274"]
[PlyCount "33"]
[EventDate "2006.06.18"]
[EventType "swiss"]
[EventRounds "9"]
[EventCountry "CRO"]
[Source "lmi"]
[SourceDate "2006.06.26"]

1. Nf3 f5 2. d3 d6 3. e4 e5 4. Nc3 Nc6 5. exf5 Bxf5 6. d4 Nxd4 7. Nxd4 exd4 8.
Qxd4 c6 9. Bf4 Bxc2 10. Kd2 Bf5 11. Re1+ Kd7 12. g4 Bg6 13. Kc1 Qb6 14. Qd2 Qc5
15. g5 Ne7 16. Bh3+ Nf5 17. Re5 1-0

[Event "20. Open Pula 2006"]
[Site "Pula CRO"]
[Date "2006.06.24"]
[Round "8.17"]
[White "Nordahl, Helge"]
[Black "Ekeberg, Carl Fredrik"]
[Result "1/2-1/2"]
[WhiteElo "2374"]
[BlackElo "2272"]
[PlyCount "146"]
[EventDate "2006.06.18"]
[EventType "swiss"]
[EventRounds "9"]
[EventCountry "CRO"]
[Source "lmi"]
[SourceDate "2006.06.26"]

1. e4 c5 2. Nf3 Nc6 3. d4 cxd4 4. Nxd4 Nf6 5. Nc3 e5 6. Ndb5 d6 7. Bg5 a6 8.
Na3 b5 9. Bxf6 gxf6 10. Nd5 Bg7 11. c3 f5 12. exf5 Bxf5 13. Nc2 Be6 14. g3 O-O
15. Bg2 a5 16. O-O f5 17. Nf4 exf4 18. Bxc6 Rb8 19. Bd5 Qd7 20. Re1 Bf7 21.
gxf4 Bh6 22. Qf3 Bxd5 23. Qxd5+ Rf7 24. Qf3 Rg7+ 25. Kh1 Rg4 26. Rg1 Kh8 27.
Rxg4 fxg4 28. Qe4 Rf8 29. Qd4+ Bg7 30. Qe3 Qf5 31. Nd4 Qxf4 32. Kg2 Qf7 33. Re1
Be5 34. Nc6 Re8 35. Nxe5 dxe5 36. Qe4 Qe6 37. a4 bxa4 38. Qxa4 Qd5+ 39. Qe4 Qb5
40. Rd1 Kg8 41. c4 Qa4 42. Rd5 Qc6 43. b3 Kh8 44. Qd3 Re7 45. Kg1 Qb6 46. Qf5
Kg8 47. Qc8+ Kf7 48. Qf5+ Kg8 49. Qg5+ Kf8 50. Rxe5 Rxe5 51. Qxe5 Qxb3 52. Qh8+
Kf7 53. Qxh7+ Kf6 54. Qh6+ Kf5 55. Qh5+ Kf4 56. Qf7+ Kg5 57. Qd5+ Kf6 58. Qc6+
Ke5 59. Qd5+ Kf4 60. Qf7+ Kg5 61. Qe7+ Kf5 62. Qd7+ Kf4 63. Qc7+ Ke4 64. Qc6+
Kf4 65. Qd6+ Ke4 66. Qd5+ Kf4 67. Qd2+ Ke4 68. Qxa5 Qd1+ 69. Kg2 Qf3+ 70. Kf1
Qd3+ 71. Ke1 Qb1+ 72. Ke2 Qd3+ 73. Ke1 Qb1+ 1/2-1/2

[Event "20. Open Pula 2006"]
[Site "Pula CRO"]
[Date "2006.06.24"]
[Round "8.19"]
[White "Filimonov, Alexey"]
[Black "Shoker, Samy"]
[Result "1-0"]
[WhiteElo "2216"]
[BlackElo "2352"]
[PlyCount "105"]
[EventDate "2006.06.18"]
[EventType "swiss"]
[EventRounds "9"]
[EventCountry "CRO"]
[Source "lmi"]
[SourceDate "2006.06.26"]

1. e4 g6 2. d4 Bg7 3. f4 d5 4. e5 Nh6 5. Nf3 f6 6. c4 fxe5 7. dxe5 c6 8. cxd5
cxd5 9. Nc3 e6 10. Bd3 O-O 11. O-O Nc6 12. Kh1 b6 13. Bd2 Nb4 14. Bb5 Bb7 15.
Nd4 Qe7 16. a3 Na6 17. b4 Nc7 18. Bd3 Rf7 19. Nce2 Raf8 20. Rf3 Ng4 21. h3 Nh6
22. Rc1 Re8 23. Qa4 Ra8 24. Qb3 Nf5 25. b5 Qd7 26. Bxf5 gxf5 27. Rfc3 Ne8 28.
a4 Bf8 29. R3c2 a5 30. Be3 Bc5 31. Nf3 d4 32. Bxd4 Bd5 33. Qe3 Bxd4 34. Nexd4
Rg7 35. Ne2 Qb7 36. Kh2 Rd8 37. Ned4 h6 38. Nc6 Rdd7 39. Nfd4 Nc7 40. Rg1 Rg6
41. Qa3 Ne8 42. g4 Rdg7 43. Rcc1 Kh7 44. Rg3 fxg4 45. Rcg1 h5 46. Qd3 Qf7 47.
f5 exf5 48. Nxf5 Bf3 49. Nxg7 Kxg7 50. e6 Qxe6 51. Rxf3 gxf3 52. Ne7 Qxe7 53.
Qxg6+ 1-0

[Event "20. Open Pula 2006"]
[Site "Pula CRO"]
[Date "2006.06.24"]
[Round "8.20"]
[White "Tratar, Marko"]
[Black "Bajramovic, Halid"]
[Result "1-0"]
[WhiteElo "2499"]
[BlackElo "2208"]
[PlyCount "145"]
[EventDate "2006.06.18"]
[EventType "swiss"]
[EventRounds "9"]
[EventCountry "CRO"]
[Source "lmi"]
[SourceDate "2006.06.26"]

1. Nf3 g6 2. c4 Bg7 3. d4 d6 4. Nc3 Nc6 5. d5 Nb8 6. e4 e5 7. Be2 Ne7 8. h4 h6
9. h5 g5 10. Nd2 f5 11. exf5 Bxf5 12. Nde4 Nd7 13. Ng3 O-O 14. Be3 Bh7 15. Bd3
Nf5 16. Qc2 Qf6 17. Bxf5 Bxf5 18. Nxf5 Qxf5 19. Qxf5 Rxf5 20. Ne4 b6 21. Ke2
Rff8 22. b4 Nf6 23. f3 Rfd8 24. a4 a5 25. bxa5 Rxa5 26. Bd2 Ra6 27. a5 Rb8 28.
Rab1 Nd7 29. axb6 Rbxb6 30. Ra1 Bf8 31. Rhb1 Rxa1 32. Rxa1 Rb7 33. Ra8 Kf7 34.
Be3 Be7 35. Kd3 Rb3+ 36. Nc3 Bf6 37. Kc2 Rb4 38. Ne4 Be7 39. Ra7 Rxc4+ 40. Kb3
Rxe4 41. fxe4 Nf6 42. Rxc7 Nxe4 43. Kc4 Nf6 44. Ra7 Nxh5 45. Bc5 Ke8 46. Ra8+
Kd7 47. Bb4 Nf6 48. Rh8 Ng4 49. Bd2 e4 50. Ra8 Bf6 51. Ra7+ Ke8 52. Ra3 Kf7 53.
Rg3 h5 54. Rh3 Kg6 55. Bc3 Bxc3 56. Rxc3 Kf5 57. Kd4 e3 58. Rc6 e2 59. Rc1 Kf4
60. Re1 Ne3 61. Rxe2 Nf5+ 62. Kd3 g4 63. Rf2+ Ke5 64. Ra2 h4 65. Ra4 g3 66. Rg4
Kxd5 67. Re4 Ng7 68. Rxh4 Ke5 69. Re4+ Kf5 70. Ke3 d5 71. Re7 Nh5 72. Kf3 d4
73. Re4 1-0